000 00978nam a22002897a 4500
001 BR0102785
003 BR-BrBNA
005 20230928100911.0
007 ta
008 230509b bl.||||| |||| 00| 0 por d
040 _aBR-BrBNA
_bpor
_cBiblioteca Nacional de Agricultura
041 _a(Por)
072 _aF30; F70
_b3290
090 _ 3290 BR0102785
100 1 _aCastellen, M. da S.
110 1 _aEscola Superior de Agricultura Luiz de Queiroz, Piracicaba, SP (Brasil)
_0Tese (Mestre em Ciencias)
245 1 _aUso de marcadores RAPD e isoenzimaticos na quantificacao da diversidade genetica em populacoes naturais de Esenbeckia leiocarpa. Engl.
260 3 _aPiracicaba, SP (Brasil):
_c2000.
300 _a73 p.
500 _aSummaries (Eng, Por); Bibliography p. 60-73; 18 tables
650 _aGuaranta
650 _aMarcador Genetico
650 _aPopulacao de Planta
650 _aArvore Florestal
909 _a202309
_bLucia
_c55
_dLucia Elande
942 _cBK
999 _c63314
_d63314